[Event "Western Province-chT"]
[Site "Cape Town"]
[Date "2018.08.11"]
[Round "3"]
[White "Solomons, Deon"]
[Black "Roberts, Marcel Jude"]
[Result "1/2-1/2"]
[WhiteElo "2059"]
[BlackElo "1851"]
[PlyCount "100"]
[EventDate "2018.08.04"]
[EventType "team-tourn"]
[EventRounds "11"]
[EventCountry "RSA"]
[SourceTitle "EXT 2020"]
[Source "ChessBase"]
[SourceDate "2019.10.17"]
[SourceVersion "1"]
[SourceVersionDate "2019.10.17"]
[SourceQuality "1"]
[WhiteTeam "Steinitz"]
[BlackTeam "Western Cape Univ"]
[WhiteTeamCountry "RSA"]
[BlackTeamCountry "RSA"]

1. Nf3 Nf6 2. g3 g6 3. Bg2 Bg7 4. 0-0 d6 5. d3 c5 6. e4 Nc6 7. h3 0-0 8. a4 Rb8 9. Nc3 a6 10. Bg5 b5 11. axb5 axb5 12. Qd2 b4 13. Nd1 Re8 14. Bh6 Bh8 15. Ng5 Nd4 16. f4 Bb7 17. Ne3 e6 18. g4 Nd7 19. Nc4 Nb6 20. Na5 Ba8 21. Kh1 f6 22. Nf3 Nxf3 23. Bxf3 d5 24. Qe3 Qc7 25. Rfe1 Rbd8 26. Nb3 d4 27. Qf2 c4 28. Na5 g5 29. fxg5 Qf4 30. Kg2 fxg5 31. Qg3 Qf6 32. Qc7 Qxh6 33. Qxb6 Be5 34. Nxc4 Bf4 35. Rxa8 Rxa8 36. Qxd4 Bg3 37. Rf1 Rad8 38. Qb6 Qh4 39. e5 Be1 40. Rxe1 Qxe1 41. Be4 Rf8 42. Qxe6+ Kh8 43. Bf5 Qe2+ 44. Kg1 Qd1+ 45. Kf2 Qxc2+ 46. Ke3 Rxd3+ 47. Bxd3 Qf2+ 48. Ke4 Rf4+ 49. Kd5 Qd4+ 50. Kc6 Qxd3 1/2-1/2

[Event "RSA-chT Inter Provincial"]
[Site "Bloemfontein"]
[Date "2017.09.02"]
[Round "5.3"]
[White "Malgas, Glenwell"]
[Black "Solomons, Deon"]
[Result "1/2-1/2"]
[WhiteElo "1617"]
[BlackElo "2111"]
[PlyCount "88"]
[EventDate "2017.08.31"]
[EventType "team-swiss"]
[EventRounds "6"]
[EventCountry "RSA"]
[SourceTitle "CBM 180 Extra"]
[Source "ChessBase"]
[SourceDate "2017.10.06"]
[SourceVersion "1"]
[SourceVersionDate "2017.10.06"]
[SourceQuality "1"]
[WhiteTeam "Eastern Cape"]
[BlackTeam "Western Cape"]
[WhiteTeamCountry "RSA"]
[BlackTeamCountry "RSA"]

1. e4 d6 2. d4 c6 3. Bd3 e5 4. c3 Nf6 5. Ne2 Be7 6. 0-0 Nbd7 7. Ng3 Nf8 8. h3 h5 9. Be3 h4 10. Ne2 Ng6 11. f4 exf4 12. Nxf4 Nxf4 13. Bxf4 Be6 14. Bxd6 Bxd6 15. e5 Bc7 16. exf6 Qd6 17. Qf3 0-0-0 18. Nd2 Qh2+ 19. Kf2 gxf6 20. Rh1 Qd6 21. Ne4 Qd5 22. Nxf6 Bg3+ 23. Ke2 Qa5 24. a4 Qc7 25. Rhb1 Rh6 26. b4 Qe7 27. Ne4 Re8 28. Kd2 Bd5 29. Qg4+ Be6 30. Qf3 Bc7 31. Re1 Kb8 32. Nc5 Qg5+ 33. Kc2 Rf6 34. Nxe6 fxe6 35. Qe2 e5 36. Rf1 e4 37. Bc4 Bf4 38. b5 c5 39. d5 Rg6 40. Kb3 Qe5 41. Qc2 Rg3 42. Rae1 Bh6 43. d6 Bg7 44. Rf3 Qxd6 1/2-1/2

[Event "RSA-chT Inter Provincial"]
[Site "Bloemfontein"]
[Date "2017.08.31"]
[Round "1.3"]
[White "Baatjies, Thsepo"]
[Black "Solomons, Deon"]
[Result "0-1"]
[WhiteElo "1709"]
[BlackElo "2111"]
[PlyCount "106"]
[EventDate "2017.08.31"]
[EventType "team-swiss"]
[EventRounds "6"]
[EventCountry "RSA"]
[SourceTitle "CBM 180 Extra"]
[Source "ChessBase"]
[SourceDate "2017.10.06"]
[SourceVersion "1"]
[SourceVersionDate "2017.10.06"]
[SourceQuality "1"]
[WhiteTeam "Northern Cape"]
[BlackTeam "Western Cape"]
[WhiteTeamCountry "RSA"]
[BlackTeamCountry "RSA"]

1. d4 Nf6 2. c4 d6 3. Nc3 Nbd7 4. Nf3 e5 5. Bg5 Be7 6. e3 c6 7. Be2 0-0 8. 0-0 Ne8 9. Bxe7 Qxe7 10. Qc2 f5 11. b4 Kh8 12. c5 e4 13. Nd2 d5 14. f3 Ndf6 15. fxe4 fxe4 16. h3 Qc7 17. Rf2 Qg3 18. Nf1 Qg5 19. Kh1 g6 20. Qd2 Ng7 21. Re1 Bd7 22. Bd1 Nf5 23. Ne2 h5 24. Nf4 h4 25. Nh2 Ng3+ 26. Kg1 Kg7 27. Ng4 Nxg4 28. Bxg4 Bxg4 29. hxg4 Qxg4 30. Qd1 Qxd1 31. Rxd1 Rae8 32. Rdd2 g5 33. Nh3 Kg6 34. Rxf8 Rxf8 35. Rf2 Rxf2 36. Kxf2 Kf5 37. a4 a6 38. Ke1 Nh5 39. Ng1 Kg4 40. Kf2 Kf5 41. Ne2 g4 42. Nc1 g3+ 43. Kg1 Nf6 44. Nb3 Ng4 45. Na5 Nxe3 46. Nxb7 Nc2 47. b5 e3 48. Kf1 axb5 49. axb5 Nxd4 50. Nd6+ Kf4 51. b6 e2+ 52. Ke1 Ke3 53. Nf5+ Nxf5 0-1

[Event "South African op"]
[Site "Durban"]
[Date "2017.07.18"]
[Round "7"]
[White "Solomons, Deon"]
[Black "Subke, Jason James"]
[Result "1-0"]
[WhiteElo "2120"]
[BlackElo "1932"]
[PlyCount "73"]
[EventDate "2017.07.14"]
[EventType "swiss"]
[EventRounds "11"]
[EventCountry "RSA"]
[SourceTitle "CBM 179 Extra"]
[Source "ChessBase"]
[SourceDate "2017.08.23"]
[SourceVersion "1"]
[SourceVersionDate "2017.08.23"]
[SourceQuality "1"]

1. Nf3 d5 2. g3 Nf6 3. Bg2 c6 4. 0-0 Bf5 5. d3 Nbd7 6. Nbd2 e5 7. Qe1 Bg6 8. e4 dxe4 9. dxe4 Bc5 10. Nh4 Qe7 11. a4 0-0 12. Nb3 Bd6 13. Bg5 Qe6 14. Qe2 Nc5 15. Nd2 a5 16. f3 Rfe8 17. Rfd1 Rad8 18. Bf1 Bc7 19. Qf2 b6 20. Be2 Rd7 21. Be3 Red8 22. Nxg6 hxg6 23. b3 Qe7 24. Nc4 Rxd1+ 25. Rxd1 Rxd1+ 26. Bxd1 Nfd7 27. Qd2 Qe6 28. Be2 Kh7 29. Bf1 f5 30. Bh3 Qf6 31. Bg5 Qe6 32. Ne3 Qf7 33. exf5 gxf5 34. Bxf5+ g6 35. Bxd7 Nxd7 36. Ng4 Qf5 37. Qxd7+ 1-0

[Event "South African op"]
[Site "Durban"]
[Date "2017.07.14"]
[Round "1"]
[White "Solomons, Deon"]
[Black "Ohlson, Cecil"]
[Result "1-0"]
[WhiteElo "2120"]
[BlackElo "1637"]
[PlyCount "41"]
[EventDate "2017.07.14"]
[EventType "swiss"]
[EventRounds "11"]
[EventCountry "RSA"]
[SourceTitle "CBM 179 Extra"]
[Source "ChessBase"]
[SourceDate "2017.08.23"]
[SourceVersion "1"]
[SourceVersionDate "2017.08.23"]
[SourceQuality "1"]

1. Nf3 d6 2. d4 Bg4 3. e4 Nf6 4. Nc3 c6 5. Be2 e6 6. 0-0 Be7 7. Re1 c5 8. e5 Nfd7 9. exd6 Bxd6 10. Ne4 Qc7 11. dxc5 Bxc5 12. Nxc5 Nxc5 13. Qd4 Bf5 14. Bf4 Qb6 15. Be3 Nbd7 16. b4 0-0 17. bxc5 Qc7 18. Bf4 Qc6 19. Ne5 Nxe5 20. Bxe5 Rfd8 21. Bf3 1-0

[Event "RSA-chT Regions"]
[Site "Cape Town"]
[Date "2016.01.09"]
[Round "5.3"]
[White "Klaver, Cornelis"]
[Black "Solomons, Deon"]
[Result "1/2-1/2"]
[WhiteElo "2046"]
[BlackElo "2114"]
[PlyCount "73"]
[EventDate "2016.01.08"]
[EventType "team-swiss"]
[EventRounds "7"]
[EventCountry "RSA"]
[SourceTitle "CBM 170 Extra"]
[Source "ChessBase"]
[SourceDate "2016.02.25"]
[SourceVersion "1"]
[SourceVersionDate "2016.02.25"]
[SourceQuality "1"]
[WhiteTeam "Tshwane"]
[BlackTeam "Western Province II"]
[WhiteTeamCountry "RSA"]
[BlackTeamCountry "RSA"]

1. d4 Nf6 2. c4 g6 3. Nc3 Bg7 4. e4 d6 5. h3 0-0 6. Bd3 Nc6 7. Nge2 e5 8. d5 Nb4 9. Bb1 a5 10. a3 Na6 11. Be3 Nc5 12. Bc2 Bd7 13. g4 Qb8 14. Rb1 b5 15. b4 axb4 16. axb4 Na6 17. c5 c6 18. dxc6 Bxc6 19. Nd5 Re8 20. Nxf6+ Bxf6 21. Qxd6 Qxd6 22. cxd6 Red8 23. Bc5 Rac8 24. Bd3 Be8 25. Nc3 Nxc5 26. bxc5 Rxc5 27. Nd5 Rxd6 28. Ke2 Bg5 29. h4 Bf4 30. g5 Kg7 31. Ra1 h6 32. gxh6+ Bxh6 33. h5 Bc6 34. hxg6 Rxg6 35. Ne7 Rf6 36. Rag1+ Kf8 37. Ng8 1/2-1/2

[Event "RSA-chT Regions"]
[Site "Cape Town"]
[Date "2016.01.09"]
[Round "3.3"]
[White "Pretorius, Wiaan"]
[Black "Solomons, Deon"]
[Result "1/2-1/2"]
[WhiteElo "1668"]
[BlackElo "2114"]
[PlyCount "72"]
[EventDate "2016.01.08"]
[EventType "team-swiss"]
[EventRounds "7"]
[EventCountry "RSA"]
[SourceTitle "CBM 170 Extra"]
[Source "ChessBase"]
[SourceDate "2016.02.25"]
[SourceVersion "1"]
[SourceVersionDate "2016.02.25"]
[SourceQuality "1"]
[WhiteTeam "Tshwane Youth"]
[BlackTeam "Western Province II"]
[WhiteTeamCountry "RSA"]
[BlackTeamCountry "RSA"]

1. d4 Nf6 2. Nf3 g6 3. Nc3 Bg7 4. e4 d6 5. Be3 0-0 6. Be2 c6 7. 0-0 b5 8. a3 a6 9. Ne1 Nbd7 10. f4 e5 11. dxe5 dxe5 12. f5 c5 13. Nd3 Qc7 14. g4 gxf5 15. exf5 c4 16. Nf2 Nc5 17. g5 Rd8 18. Qe1 Ne8 19. f6 Bf8 20. Ng4 Be6 21. Bf3 Nd6 22. Nxe5 Nf5 23. Bf4 Qb6 24. Qf2 Rd4 25. Be3 Rad8 26. Bxd4 Nxd4 27. Bg2 Nxc2 28. Qxc2 Nd3+ 29. Kh1 Nxe5 30. Be4 Nd3 31. Qe2 Rd4 32. Rad1 Qd6 33. Qe3 Bg4 34. Rd2 Qd7 35. Nd5 Rxd5 36. Bxd5 Qxd5+ 1/2-1/2

[Event "RSA-chT Regions"]
[Site "Cape Town"]
[Date "2016.01.08"]
[Round "2.3"]
[White "Solomons, Deon"]
[Black "Du Plessis, Heinco"]
[Result "1-0"]
[WhiteElo "2114"]
[BlackElo "1946"]
[PlyCount "69"]
[EventDate "2016.01.08"]
[EventType "team-swiss"]
[EventRounds "7"]
[EventCountry "RSA"]
[SourceTitle "CBM 170 Extra"]
[Source "ChessBase"]
[SourceDate "2016.02.25"]
[SourceVersion "1"]
[SourceVersionDate "2016.02.25"]
[SourceQuality "1"]
[WhiteTeam "Western Province II"]
[BlackTeam "Tshwane II"]
[WhiteTeamCountry "RSA"]
[BlackTeamCountry "RSA"]

1. Nf3 d6 2. e4 Nf6 3. d3 c5 4. g3 g6 5. Bg2 Bg7 6. 0-0 Bg4 7. h3 Bxf3 8. Bxf3 Nc6 9. Bg2 0-0 10. Nc3 Rb8 11. a4 a6 12. Bg5 Nd7 13. Qd2 b5 14. axb5 axb5 15. Bh6 Nd4 16. Bxg7 Kxg7 17. f4 b4 18. Ne2 Nxe2+ 19. Qxe2 Qb6 20. Kh2 c4 21. dxc4 b3 22. c3 Qc5 23. Rfe1 e5 24. f5 Nb6 25. Rf1 Nxc4 26. Ra4 Ne3 27. Rf3 Nc2 28. f6+ Kh8 29. Qd2 Rg8 30. Rd3 Qc6 31. Ra7 Rb7 32. Rxb7 Qxb7 33. Rxd6 Qc7 34. Rd7 Qc4 35. Rd8 1-0

[Event "South African op"]
[Site "Cape Town"]
[Date "2015.07.10"]
[Round "10"]
[White "Solomons, Deon"]
[Black "Solomon, Kenny"]
[Result "0-1"]
[WhiteElo "2156"]
[BlackElo "2382"]
[PlyCount "34"]
[EventDate "2015.07.03"]
[EventType "swiss"]
[EventRounds "11"]
[EventCountry "RSA"]
[SourceTitle "CBM 167 Extra"]
[Source "ChessBase"]
[SourceDate "2015.09.14"]
[SourceVersion "1"]
[SourceVersionDate "2015.09.14"]
[SourceQuality "1"]

1. Nf3 Nf6 2. c4 b6 3. g3 c5 4. Bg2 Bb7 5. 0-0 g6 6. b3 Bg7 7. Bb2 0-0 8. e3 e6 9. Qe2 d5 10. d3 Nc6 11. Na3 Qe7 12. Rad1 e5 13. cxd5 Nxd5 14. Nc4 b5 15. Ncd2 Rfd8 16. Ne1 f5 17. e4 Nd4 0-1

[Event "South African op"]
[Site "Cape Town"]
[Date "2015.07.08"]
[Round "8"]
[White "Solomons, Deon"]
[Black "Baloyi, Siphiwe"]
[Result "1-0"]
[WhiteElo "2156"]
[BlackElo "1929"]
[PlyCount "65"]
[EventDate "2015.07.03"]
[EventType "swiss"]
[EventRounds "11"]
[EventCountry "RSA"]
[SourceTitle "CBM 167 Extra"]
[Source "ChessBase"]
[SourceDate "2015.09.14"]
[SourceVersion "1"]
[SourceVersionDate "2015.09.14"]
[SourceQuality "1"]

1. Nf3 Nf6 2. g3 d6 3. d4 Nbd7 4. Bg2 e5 5. dxe5 dxe5 6. 0-0 c6 7. c4 Qc7 8. Nc3 Bb4 9. Qc2 0-0 10. Nh4 Re8 11. e4 Bxc3 12. Qxc3 Nc5 13. Re1 a5 14. Bg5 Nfd7 15. Rad1 Ne6 16. Bc1 Ndc5 17. Nf5 f6 18. Be3 b6 19. h4 Ra7 20. Re2 Rd8 21. Red2 Rxd2 22. Rxd2 g6 23. Nd6 Ra8 24. f4 exf4 25. Bxc5 bxc5 26. Ne8 Qf7 27. Nxf6+ Kf8 28. Qe5 h5 29. gxf4 Ke7 30. f5 Qxf6 31. Qd6+ Kf7 32. fxe6+ Qxe6 33. Rf2+ 1-0

[Event "Pretoria Capablanca"]
[Site "Pretoria"]
[Date "2015.05.03"]
[Round "9"]
[White "Makoto, Rodwell"]
[Black "Solomons, Deon"]
[Result "1-0"]
[WhiteElo "2321"]
[BlackElo "2138"]
[PlyCount "93"]
[EventDate "2015.04.29"]
[EventType "tourn"]
[EventRounds "9"]
[EventCountry "RSA"]
[SourceTitle "EXT 2016"]
[Source "ChessBase"]
[SourceDate "2015.10.08"]
[SourceVersion "1"]
[SourceVersionDate "2015.10.08"]
[SourceQuality "1"]

1. Nf3 g6 2. c4 Bg7 3. d4 Nf6 4. g3 0-0 5. Bg2 d6 6. 0-0 c6 7. Nc3 Nbd7 8. e4 e5 9. h3 Re8 10. Re1 h6 11. Be3 exd4 12. Nxd4 Nc5 13. Qc2 Qe7 14. f3 a5 15. Rad1 Nfd7 16. Bf2 h5 17. f4 a4 18. b4 axb3 19. axb3 Na6 20. Na2 Nac5 21. b4 Na4 22. Re3 Ndb6 23. Ra3 c5 24. Nb5 Nxc4 25. Rxa4 Rxa4 26. Qxa4 Nb2 27. Qc2 Nxd1 28. Qxd1 Be6 29. bxc5 dxc5 30. Nac3 Ra8 31. e5 Ra5 32. Nd6 b6 33. Nd5 Qa7 34. Qd3 Ra1+ 35. Kh2 Qa2 36. Ne7+ Kh8 37. Ne4 Bf8 38. Qd8 Kg7 39. Nxg6 fxg6 40. Qf6+ Kg8 41. Qxg6+ Kh8 42. Ng5 Bg8 43. Qxh5+ Kg7 44. f5 Be7 45. Qg6+ Kf8 46. f6 Bf7 47. fxe7+ 1-0

[Event "Pretoria Capablanca"]
[Site "Pretoria"]
[Date "2015.04.29"]
[Round "1"]
[White "Mwali, Chitumbo"]
[Black "Solomons, Deon"]
[Result "1-0"]
[WhiteElo "2290"]
[BlackElo "2138"]
[PlyCount "99"]
[EventDate "2015.04.29"]
[EventType "tourn"]
[EventRounds "9"]
[EventCountry "RSA"]
[SourceTitle "EXT 2016"]
[Source "ChessBase"]
[SourceDate "2015.10.08"]
[SourceVersion "1"]
[SourceVersionDate "2015.10.08"]
[SourceQuality "1"]

1. c4 e5 2. g3 g6 3. Bg2 Bg7 4. Nc3 Nf6 5. e4 d6 6. Nge2 Be6 7. d3 Qd7 8. 0-0 Nc6 9. Nd5 h5 10. h4 Nh7 11. Be3 0-0 12. d4 Rae8 13. Rc1 f5 14. dxe5 dxe5 15. exf5 Bxf5 16. Bc5 Rf7 17. Ne3 e4 18. Qxd7 Rxd7 19. Nxf5 gxf5 20. Bh3 Rd2 21. Nf4 Bxb2 22. Rcd1 Red8 23. Rxd2 Rxd2 24. Bxf5 Nf6 25. Be3 Rc2 26. Nd5 Ng4 27. Bxe4 Rxc4 28. Bg6 Nce5 29. Bxh5 c6 30. Ne7+ Kh7 31. Bxa7 Ra4 32. Bb6 Rxa2 33. Nf5 Ra6 34. Bc7 Nf6 35. Be2 Ra2 36. Bd1 Bc3 37. Bb3 Rb2 38. Be6 b5 39. Rc1 Nf3+ 40. Kg2 Ne1+ 41. Kg1 Ne4 42. Ne3 Nf3+ 43. Kh1 Rxf2 44. g4 Bd2 45. Bf5+ Kg7 46. Rxc6 Nf6 47. g5 Nh5 48. Ng4 Nf4 49. Bxf4 Bxf4 50. Nxf2 1-0

[Event "Windhoek zt 4.3"]
[Site "Windhoek"]
[Date "2014.06.25"]
[Round "5"]
[White "Solomons, Deon"]
[Black "Gumpo, Thabo"]
[Result "0-1"]
[WhiteElo "2144"]
[BlackElo "2015"]
[PlyCount "90"]
[EventDate "2014.06.23"]
[EventType "swiss"]
[EventRounds "9"]
[EventCountry "NAM"]
[SourceTitle "EXT 2015"]
[Source "ChessBase"]
[SourceDate "2014.11.20"]
[SourceVersion "1"]
[SourceVersionDate "2014.11.20"]
[SourceQuality "1"]

1. Nf3 Nf6 2. c4 e6 3. g3 b6 4. Bg2 Bb7 5. 0-0 c5 6. d3 Be7 7. e4 d6 8. Nc3 0-0 9. a3 Nc6 10. Rb1 d5 11. e5 Ne8 12. cxd5 exd5 13. Re1 Nc7 14. d4 Bc8 15. Be3 Bf5 16. Rc1 c4 17. Nd2 b5 18. Qf3 Be6 19. Ne2 Qd7 20. Bf1 a5 21. Nf4 b4 22. a4 b3 23. Nxe6 fxe6 24. Qg4 Nb4 25. Nf3 Nc2 26. Re2 Qxa4 27. h4 Qe8 28. h5 Qf7 29. Nh4 Bxh4 30. Qxh4 a4 31. Rcxc2 bxc2 32. Rxc2 a3 33. bxa3 Rxa3 34. Bh3 Ra1+ 35. Kh2 Rb8 36. h6 g6 37. Bg2 Qf5 38. g4 Qf8 39. Bd2 Ra3 40. Bc1 Ra1 41. Be3 Rb3 42. Qg5 Ra8 43. Bf4 Qd8 44. Qf6 Qxf6 45. exf6 Nb5 0-1

[Event "Manyanani"]
[Site "Manyanani"]
[Date "2014.06.15"]
[Round "3"]
[White "Gluckman, Paul"]
[Black "Solomons, Deon"]
[Result "0-1"]
[WhiteElo "1644"]
[BlackElo "2144"]
[PlyCount "92"]
[EventDate "2014.06.14"]
[EventType "swiss"]
[EventRounds "7"]
[EventCountry "RSA"]
[SourceTitle "EXT 2016"]
[Source "ChessBase"]
[SourceDate "2015.10.08"]
[SourceVersion "1"]
[SourceVersionDate "2015.10.08"]
[SourceQuality "1"]

1. Nf3 Nf6 2. c4 d6 3. g3 e5 4. d3 g6 5. Bg2 Bg7 6. 0-0 0-0 7. Nc3 c6 8. e4 Nbd7 9. Re1 a5 10. h3 Re8 11. Nh2 Nc5 12. Be3 Ne6 13. Qd2 Nd4 14. Ne2 c5 15. Nc3 Bd7 16. Nd5 Nxd5 17. cxd5 f5 18. Rac1 a4 19. Bxd4 exd4 20. Nf3 Qf6 21. Qg5 fxe4 22. dxe4 Rac8 23. Qxf6 Bxf6 24. Nd2 b5 25. b3 axb3 26. axb3 Ra8 27. f4 Ra2 28. Rcd1 d3 29. Nf3 Bc3 30. Re3 c4 31. bxc4 bxc4 32. e5 Ba4 33. Rdxd3 cxd3 34. Rxd3 Bb4 35. e6 Bc5+ 36. Kh2 Rb8 37. g4 Rbb2 38. Nh4 Bf2 39. Nf3 Bb5 40. Rc3 Bc5 41. Nh4 Bf1 42. Rg3 Bc4 43. Rc3 Bxd5 44. f5 Rxg2+ 45. Nxg2 Rxg2+ 46. Kh1 Re2+ 0-1

[Event "Manyanani"]
[Site "Manyanani"]
[Date "2014.06.15"]
[Round "5"]
[White "Lynch, Justin"]
[Black "Solomons, Deon"]
[Result "0-1"]
[WhiteElo "1666"]
[BlackElo "2144"]
[PlyCount "76"]
[EventDate "2014.06.14"]
[EventType "swiss"]
[EventRounds "7"]
[EventCountry "RSA"]
[SourceTitle "EXT 2016"]
[Source "ChessBase"]
[SourceDate "2015.10.08"]
[SourceVersion "1"]
[SourceVersionDate "2015.10.08"]
[SourceQuality "1"]

1. Nf3 Nf6 2. b3 d6 3. c4 e5 4. Bb2 c5 5. d3 Nc6 6. e3 Be7 7. Nc3 0-0 8. Be2 Re8 9. 0-0 Bf8 10. Nd2 a6 11. Bf3 Rb8 12. Ndb1 Qe7 13. Nd5 Nxd5 14. Bxd5 Kh8 15. Nc3 f5 16. Bf3 Qg5 17. Bc1 Ne7 18. g3 b5 19. Bg2 Qf6 20. Bb2 Qh6 21. Ne2 Ng8 22. Rc1 b4 23. d4 Nf6 24. dxe5 dxe5 25. Qc2 Qh5 26. Rcd1 Rb6 27. Nc1 Ng4 28. h3 Nf6 29. Nd3 f4 30. exf4 e4 31. Ne5 Bxh3 32. Rfe1 Bf5 33. Qe2 Bg4 34. f3 exf3 35. Bxf3 Bxf3 36. Qxf3 Rxe5 37. Qa8 Rxe1+ 38. Rxe1 Kg8 0-1

[Event "RSA-ch"]
[Site "Cape Town"]
[Date "2014.01.11"]
[Round "9"]
[White "Mabusela, Johannes Manyedi"]
[Black "Solomons, Deon"]
[Result "1/2-1/2"]
[WhiteElo "2260"]
[BlackElo "2159"]
[PlyCount "65"]
[EventDate "2014.01.04"]
[EventType "tourn"]
[EventRounds "11"]
[EventCountry "RSA"]
[SourceTitle "CBM 158 Extra"]
[Source "ChessBase"]
[SourceDate "2014.02.28"]
[SourceVersion "1"]
[SourceVersionDate "2014.02.28"]
[SourceQuality "1"]

1. d4 Nf6 2. c4 d6 3. Nc3 Nbd7 4. e4 e5 5. Nf3 Be7 6. Be2 c6 7. 0-0 0-0 8. Qc2 Re8 9. Rd1 Qc7 10. b4 b6 11. b5 c5 12. dxe5 dxe5 13. Nd5 Nxd5 14. cxd5 Nf8 15. Nd2 Bd6 16. Nc4 Ng6 17. g3 Rf8 18. a4 f5 19. a5 Rb8 20. axb6 axb6 21. exf5 Bxf5 22. Bd3 Ne7 23. Bb2 Bxd3 24. Qxd3 Nf5 25. Qe4 Nd4 26. Bxd4 cxd4 27. Rdc1 Bc5 28. Nxe5 Rbd8 29. Nd3 Rde8 30. Qg4 Qf7 31. Re1 Qxd5 32. Rxe8 Rxe8 33. Ra7 1/2-1/2

[Event "RSA-ch"]
[Site "Cape Town"]
[Date "2014.01.09"]
[Round "7"]
[White "Cawdery, Daniel"]
[Black "Solomons, Deon"]
[Result "1/2-1/2"]
[WhiteElo "2382"]
[BlackElo "2159"]
[PlyCount "28"]
[EventDate "2014.01.04"]
[EventType "tourn"]
[EventRounds "11"]
[EventCountry "RSA"]
[SourceTitle "CBM 158 Extra"]
[Source "ChessBase"]
[SourceDate "2014.02.28"]
[SourceVersion "1"]
[SourceVersionDate "2014.02.28"]
[SourceQuality "1"]

1. e4 d6 2. d4 Nf6 3. Nc3 Nbd7 4. Nf3 e5 5. Bc4 Be7 6. 0-0 0-0 7. Re1 c6 8. a4 b6 9. Bg5 Qc7 10. Nh4 exd4 11. Nf5 Ne5 12. Nxe7+ Qxe7 13. Qxd4 h6 14. Bxf6 Qxf6 1/2-1/2

[Event "Sanxenxo Carlos op 5th"]
[Site "Sanxenxo"]
[Date "2013.06.27"]
[Round "6"]
[White "Iagar, Razvan Gabriel"]
[Black "Solomons, Deon"]
[Result "1/2-1/2"]
[WhiteElo "2190"]
[BlackElo "2179"]
[PlyCount "60"]
[EventDate "2013.06.22"]
[EventType "swiss"]
[EventRounds "9"]
[EventCountry "ESP"]
[SourceTitle "CBM 155 Extra"]
[Source "ChessBase"]
[SourceDate "2013.08.26"]
[SourceVersion "1"]
[SourceVersionDate "2013.08.26"]
[SourceQuality "1"]

1. Nf3 Nf6 2. c4 g6 3. Nc3 Bg7 4. d4 0-0 5. e4 d6 6. h3 Nbd7 7. Be2 e5 8. dxe5 dxe5 9. Be3 c6 10. Qd2 Qe7 11. Rd1 Nc5 12. Qc2 Nh5 13. g3 a5 14. Nd2 Ne6 15. Na4 Bd7 16. Nb6 Rad8 17. Nxd7 Rxd7 18. Bg4 Nd4 19. Bxd4 Rxd4 20. 0-0 Nf6 21. Bf3 Rfd8 22. Nb3 Rxd1 23. Rxd1 Rxd1+ 24. Bxd1 a4 25. Nd2 a3 26. bxa3 Qxa3 27. Nb3 Bf8 28. Bf3 Nd7 29. Kg2 Nc5 30. Nxc5 Bxc5 1/2-1/2

[Event "Africa-ch op"]
[Site "Tunis"]
[Date "2013.05.20"]
[Round "3"]
[White "Solomons, Deon"]
[Black "Miguel, Sergio"]
[Result "1-0"]
[WhiteElo "2169"]
[BlackElo "2218"]
[PlyCount "85"]
[EventDate "2013.05.18"]
[EventType "swiss"]
[EventRounds "9"]
[EventCountry "TUN"]
[SourceTitle "CBM 154 Extra"]
[Source "ChessBase"]
[SourceDate "2013.06.25"]
[SourceVersion "2"]
[SourceVersionDate "2013.06.25"]
[SourceQuality "1"]

1. Nf3 d5 2. g3 Nf6 3. Bg2 g6 4. 0-0 Bg7 5. d3 0-0 6. Nbd2 Nc6 7. c3 e5 8. Qc2 h6 9. e4 dxe4 10. Nxe4 Nd5 11. a3 a5 12. c4 Nde7 13. Bd2 f5 14. Nc3 Be6 15. Rfe1 g5 16. Nb5 Ng6 17. Bc3 Qd7 18. b3 Rad8 19. Rad1 Rfe8 20. d4 e4 21. d5 Bxc3 22. dxc6 Qg7 23. Rxd8 Rxd8 24. Nxc3 exf3 25. Bxf3 Ne5 26. Bg2 bxc6 27. Qe2 Nf7 28. Qxe6 Qxc3 29. Bxc6 Kg7 30. Bd5 Rf8 31. Re3 Qf6 32. Qxf6+ Kxf6 33. Re6+ Kg7 34. Re7 c5 35. Rc7 Kf6 36. Rxc5 Ne5 37. Rxa5 f4 38. Kg2 fxg3 39. hxg3 Rb8 40. b4 g4 41. Ra6+ Kg5 42. Re6 Nd3 43. Re3 1-0

[Event "Gaborone zt 4.3"]
[Site "Gaborone"]
[Date "2013.05.03"]
[Round "4"]
[White "Njobvu, Ignatius"]
[Black "Solomons, Deon"]
[Result "0-1"]
[WhiteElo "2231"]
[BlackElo "2169"]
[PlyCount "112"]
[EventDate "2013.05.01"]
[EventType "swiss"]
[EventRounds "9"]
[EventCountry "BOT"]
[SourceTitle "CBM 154 Extra"]
[Source "ChessBase"]
[SourceDate "2013.06.25"]
[SourceVersion "2"]
[SourceVersionDate "2013.06.25"]
[SourceQuality "1"]

1. d4 Nf6 2. c4 g6 3. Nc3 Bg7 4. e4 d6 5. f3 Nbd7 6. Be3 0-0 7. Qd2 c5 8. Nge2 a6 9. d5 Ne5 10. Nc1 e6 11. Be2 exd5 12. exd5 Re8 13. 0-0 h5 14. Bg5 Qc7 15. Qf4 Nh7 16. Bh6 Bxh6 17. Qxh6 Qe7 18. Nb3 Bf5 19. Rae1 Qh4 20. g3 Qf6 21. Ne4 Bxe4 22. fxe4 Qg5 23. Qxg5 Nxg5 24. Nd2 Kg7 25. Kg2 Re7 26. Rf4 b5 27. b3 bxc4 28. Bxc4 a5 29. Bb5 Rb8 30. a4 f6 31. Re3 Rbb7 32. Re2 Rf7 33. Re3 Rbe7 34. Re2 Nh7 35. Kf1 Nf8 36. Kg2 Nfd7 37. h3 Nb6 38. Rf1 f5 39. exf5 gxf5 40. Nc4 Nexc4 41. Rxe7 Rxe7 42. bxc4 Kg6 43. Kf2 Kg5 44. Re1 Rxe1 45. Kxe1 f4 46. Kf2 fxg3+ 47. Kxg3 h4+ 48. Kf3 Kf5 49. Ke3 Ke5 50. Kf3 Kd4 51. Kg4 Nxc4 52. Kxh4 Ne5 53. Kg3 c4 54. Kf2 Nd3+ 55. Kf1 c3 56. Ke2 c2 0-1